| 000 | 00994nam a2200205Ia 4500 | ||
|---|---|---|---|
| 001 | 11456 | ||
| 003 | GE_BSU | ||
| 008 | 181216s||||||||xx |||||||||||||| ||und|| | ||
| 040 | _cGE_BSU | ||
| 100 | _aქეშელაშვილი,გ.ნ; ბაწელაშვილი,ნ.ბ. | ||
| 245 | _aზოგადი მიწათმოქმედების ლაბორატორიული პრაქტიკუმის სახელმძღვანელო. | ||
| 245 | _b(მოკლე კურსი) | ||
| 245 | _cრედ:გ.რცხილაძე. | ||
| 260 | _aთბილისი | ||
| 260 | _bსას-სამ.ინ-ტის გამ-ბა. | ||
| 260 | _c1954. | ||
| 300 | _a165გვ;23სმ. | ||
| 653 | _aზოგადი მიწათმოქმედების ლაბორატორიული პრაქტიკუმის სახელმძღვანელო (მოკლე კურსი). | ||
| 942 | _cBK | ||
| 999 |
_c44653 _d44653 |
||